Borges y su pensamiento político. (Registro nro. 437021)

Detalles MARC
000 -LÍDER
Campo fijo de descripción fija 00620nam a22001937a 4500
003 - IDENTIFICADOR DEL NÚMERO DE CONTROL
Campo de control BCEG
005 - FECHA Y HORA DE LA ULTIMA TRANSACCIÓN
control field 20260116132309.0
008 - ELEMENTOS DE LONGITUD FIJA -- INFORMACIÓN GENERAL
Campo fijo de descripción fija -- Información general 260116s1978 mx|||||| |||| 00| 0 spa d
040 ## - FUENTE DE CATALOGACIÓN
Agencia de catalogación original BCEG
Idioma de catalogación spa
Agencia que realiza la transcripción BCEG
082 04 - NÚMERO DE CLASIFICACIÓN DECIMAL DEWEY
Número de clasificación A860.4
Clave de autor-Numero de item O681b
100 1# - ASIENTO PRINCIPAL--NOMBRE PERSONAL
Nombre del autor personal Orgambide, Pedro,
Fechas asociadas con el nombre 1929-2003.
245 10 - TÍTULO PROPIAMENTE DICHO
Título Borges y su pensamiento político.
260 ## - PUBLICACIÓN, DISTRIBUCIÓN, ETC. (PIE DE IMPRENTA)
Lugar de publicación, distribución, etc. México :
Nombre del editor, distribuidor, etc. Comité de Solidaridad con el Pueblo Argentino, [Casa Argentina].
Fecha de publicación, distribución, etc. 1978.
300 ## - DESCRIPCIÓN FÍSICA
Extensión 93 p.
541 ## - NOTA DE FUENTE INMEDIATA DE ADQUISICIÓN
Nota de fuente de adquisición Donación.
600 14 - ENCABEZAMIENTO DE MATERIA. AUTOR PERSONAL
Nombre personal Borges, Jorge Luis,
Fechas asociadas con el nombre 1899-1986,
Subdivisión de forma Crítica e interpretación.
650 14 - ASIENTO SECUNDARIO DE MATERIA - TERMINO TEMÁTICO
Término temático o nombre geográfico como elemento de entrada Literatura argentina
Subdivisión de forma Historia y crítica.
942 ## - TIPO DE MATERIAL (KOHA)
Tipo de Item KOHA Libro
Existencias
No para Préstamo Colección Biblioteca de Origen Biblioteca Permanente Fecha de Adquisición Fuente de Adquisicion Total de Préstamos Signatura Topográfica Código de Barras Última vez visto Tipo de Material
Material en Reserva General Biblioteca Central Estatal de Guanajuato, "Wigberto Jiménez Moreno" Biblioteca Central Estatal de Guanajuato, "Wigberto Jiménez Moreno" 16/01/2026 DONAD   A860.4 O681b BCEG8655230795 30/01/2026 Libro